World's Busiest Airports in 1970 - Statistics

General Stats
  • This quiz has been taken 3,533 times
    3,519 since last reset
  • The average score is 16 of 25
Answer Stats
# City % Correct
2 New York City (JFK)
98%
11 New York City (La Guardia)
98%
10 New York City (Newark)
98%
7 London
97%
13 Paris
95%
3 Los Angeles
93%
1 Chicago
88%
5 Atlanta
86%
9 Miami
83%
4 San Francisco
81%
8 Dallas
80%
21 Rome
77%
16 Frankfurt
73%
12 Boston
72%
6 Washington
66%
20 Denver
65%
15 Detroit
57%
14 Philadelphia
57%
19 St Louis
34%
25 Montreal
31%
17 Cleveland
30%
18 Pittsburgh
25%
22 Copenhagen
21%
24 Honolulu
20%
23 Kansas City
20%
No matching quizzes found
Score Distribution
Percent of People with Each Score
Percentile by Number Answered
Your Score History
You have not taken this quiz since the last reset